000 00959cam a2200277 a 4500
001 000005469
005 20200929151704.0
008 910315s1999 sp a b 000 0 spa
020 _a843760933X
040 _aDO-SdBNP
_bspa
_cBNPHU
082 _a923.582
_bQ8S, 1999
100 1 _aSarmiento, Domingo Faustino,
_d1811-1888.
_915530
245 1 0 _aFacundo :
_bcivilización y barbarie /
_cDomingo Faustino Sarmiento ; edición de Roberto Yahni.
250 _a4a ed.
260 _aMadrid :
_bCátedra,
_c1999.
300 _a457 p. :
_bil. ;
_c18 cm.
490 1 _aLetras hispánicas
_v323
504 _aIncluye referencias bibliográficas (p. 31-32).
600 1 4 _aQUIROGA, JUAN FACUNDO,
_d1790-1835
_915531
651 4 _aArgentina
_xHistoria
_y1817-1860.
_915532
651 4 _aArgentina
_xDescripción Y Viajes
_915533
700 1 _aYahni, Roberto,
_eed.
_915534
830 0 _aLetras hispánicas ;
_v323
_94208
910 _aCatalogación derivada
910 _aWM
999 _c5268
_d5268